Score 0/10 Timer 01:00
0 Plays Today
Lyrics Missing Words % Correct
Take me out to the ball ____,game
99.9%
Buy me some ____peanuts
91.1%
and _____ ____. (2 words)Cracker Jack
90.6%
I don't care if I never get ____.back
90.6%
for the ____ team.home
90.1%
For it's one, two, three ____, you're out,strikes
89.7%
At the ____ ball game.old
88.3%
Let me ____, ____, ____ (1 word)root
87.1%
If they don't win it's a ____.shame
86.9%
Take me out with the ____.crowd
82.3%

Today's Daily Dose

Remove Ads.
Support Sporcle.
Get the best of Sporcle when you Go Orange. This ad-free experience offers more features, more stats, and more fun while also helping to support Sporcle. Thank you for becoming a member.

You're not logged in!

Compare scores with friends on all Sporcle quizzes.
OR
Log In

Show Comments

Extras

Top Quizzes Today


Score Distribution

Your Account Isn't Verified!

In order to create a playlist on Sporcle, you need to verify the email address you used during registration. Go to your Sporcle Settings to finish the process.

Report this User

Report this user for behavior that violates our Community Guidelines.

Details: